[Event "FRA-ch U12/16"]
[Site "Agen"]
[Date "2023.04.29"]
[Round "8"]
[White "Iino Jubin, Enzo"]
[Black "Zienkiewicz, Jan"]
[Result "1/2-1/2"]
[WhiteElo "1903"]
[BlackElo "2203"]
[PlyCount "133"]
[EventDate "2023.04.23"]
[EventType "swiss"]
[EventRounds "9"]
[EventCountry "FRA"]
[SourceTitle "CBM 214 Extra"]
[Source "ChessBase"]
[SourceDate "2023.07.31"]
[SourceVersion "1"]
[SourceVersionDate "2023.07.31"]
[SourceQuality "1"]

1. e4 e5 2. Nf3 Nc6 3. Bc4 Nf6 4. d3 Bc5 5. c3 a6 6. a4 Ba7 7. 0-0 d6 8. Nbd2 Nh5 9. Re1 Qf6 10. Nf1 Bg4 11. Be3 Nf4 12. N1d2 Na5 13. Bxa7 Rxa7 14. Re3 Nxc4 15. Nxc4 0-0 16. Qf1 Ne6 17. Ne1 Raa8 18. Nc2 Nf4 19. f3 Be6 20. Ree1 Qg6 21. N4e3 f5 22. exf5 Bxf5 23. Nxf5 Rxf5 24. Ne3 Rf7 25. Rad1 Raf8 26. Kh1 Kh8 27. Nc4 h6 28. d4 exd4 29. Rxd4 Qc2 30. g3 Ne6 31. Rd2 Qxa4 32. Rxe6 Rxf3 33. Qe2 Rf1+ 34. Kg2 R1f2+ 35. Qxf2 Rxf2+ 36. Rxf2 Qc6+ 37. Kh3 Qxc4 38. Re7 Kg8 39. Rf4 Qc5 40. Re8+ Kh7 41. Re7 Qh5+ 42. Kg2 Qd5+ 43. Kh3 Qh5+ 44. Kg2 Qd5+ 45. Kh3 c5 46. Rff7 Qh5+ 47. Kg2 Qd5+ 48. Kh3 Kg6 49. Rxg7+ Kf6 50. Rxb7 Qh5+ 51. Kg2 Qe2+ 52. Kh3 Qh5+ 53. Kg2 Ke5 54. Rbe7+ Kd5 55. g4 Qh4 56. h3 Kc4 57. Re4+ Kb3 58. Rb7+ Kc2 59. Re2+ Kd3 60. Re6 Qd8 61. Rxh6 d5 62. Rxa6 d4 63. Rbb6 Qd5+ 64. Kg3 Kc2 65. cxd4 cxd4 66. Rc6+ Kxb2 67. Rab6+ 1/2-1/2